000 01727cam a2200445 a 4500
001 13120910
003 OSt
005 20260702131915.0
008 030312r20031982flu 000 1 eng
010 _a 2003005887
020 _a9781474607254
035 _a13120910
040 _aDLC
_cDLC
_dDLC
043 _an-usu--
050 0 0 _aPS3573.A425
_bC6 2003
082 0 0 _a813/.54
_221
100 1 _aWalker, Alice,
_d1944-
245 1 4 _aThe color purple /
_cAlice Walker.
260 _aGreat Britain :
_bWeidefeld and Nicolson,
_c1983.
300 _a271 p. ;
_c21 cm.
336 _atext
_btxt
_2rdacontent
337 _aunmediated
_bn
_2rdamedia
338 _avolume
_bnc
_2rdacarrier
583 _aCataloguing:
_c20260702
_kgtanuigtanui
650 0 _aAfrican American women
_vFiction.
650 0 _aAdult child sexual abuse victims
_vFiction.
650 0 _aAbused wives
_vFiction.
650 0 _aSisters
_vFiction.
651 0 _aSouthern States
_vFiction.
655 7 _aEpistolary fiction.
_2gsafd
655 7 _aDomestic fiction.
_2lcsh
655 7 _aFiction.
_2lcgft
_0https://id.loc.gov/authorities/genreForms/gf2014026339
856 4 2 _3Contributor biographical information
_uhttp://www.loc.gov/catdir/bios/har051/2003005887.html
856 4 1 _3Sample text
_uhttp://www.loc.gov/catdir/samples/har051/2003005887.html
856 4 2 _3Publisher description
_uhttp://www.loc.gov/catdir/description/har031/2003005887.html
906 _a7
_bcbc
_corignew
_d1
_eecip
_f20
_gy-gencatlg
942 _2lcc
_cBK
999 _c21765
_d21764